| 000 | 01064nam a22002417a 4500 | ||
|---|---|---|---|
| 001 | 82355 | ||
| 003 | BD-RjUL | ||
| 005 | 20240116120240.0 | ||
| 008 | 231127s2018 bg a|||| m||| 00| 0 eng d | ||
| 035 | _a(BD-RjUL)82355 | ||
| 040 |
_aBD-RjUL _beng _cBD-RjUL _dBD-RjUL |
||
| 041 | _aeng | ||
| 082 |
_223 _a658.095492 _bHOS 2018 |
||
| 100 |
_aHossain, Md. Alauddin _910203 |
||
| 245 | 1 | 0 |
_aShallow tubewell irrigation system in Bangladesh : _bPerspective structure, management and performance / _cSubmitted By Md. Alauddin Hossain ; _6Supervisor : Md. Toufiq Iqbal. |
| 260 |
_aRajshahi : _bDepartment of Agronomy and Agricultural Extension Faculty of Agriculture, University of Rajshahi, _c2018. |
||
| 300 |
_axvi, 165 leaves : _bill, ; _c29.cm. |
||
| 502 | _aThesis (Ph. D.) -- Department of Agronomy and Agricultural Extension Faculty of Agriculture, University of Rajshahi, 2018 | ||
| 504 | _aReferences : Leaves 124 - 132 | ||
| 650 |
_aGeneral Management _vShallow tubewell _zBangladesh _910204 |
||
| 700 |
_aIqbal Md. Toufiq, Supervisor _96809 |
||
| 942 |
_2ddc _cTHE |
||
| 999 |
_c82355 _d82355 |
||